|
|
|
|
| LEADER |
00000nam0a2200000 4500 |
| 001 |
211177 |
| 005 |
20231101225649.0 |
| 010 |
|
|
|a 9785982989666
|
| 035 |
|
|
|a (RuTPU)RU\TPU\book\230660
|
| 090 |
|
|
|a 211177
|
| 100 |
|
|
|a 20120311d2011 m y0rusy50 ca
|
| 101 |
0 |
|
|a rus
|
| 102 |
|
|
|a RU
|
| 105 |
|
|
|a a j 001zy
|
| 200 |
1 |
|
|a Моделирование систем
|e учебное пособие
|f П. Г. Яковенко
|g Национальный исследовательский Томский политехнический университет (ТПУ)
|
| 210 |
|
|
|a Томск
|c Изд-во ТПУ
|d 2011
|
| 215 |
|
|
|a 108 с.
|c ил.
|
| 320 |
|
|
|a Библиогр.: с. 107.
|
| 330 |
|
|
|a В пособии изложены основы теории моделирования теплоэнергетических объектов, сведения о численных методах решения систем алгебраических и дифференциальных уравнений, интерполяции и аппроксимации, вычислении определенных интегралов и синтезе оптимальных управлений на имитационных моделях. Приведены примеры использования методов, необходимые для первоначального знакомства с предметом. Предназначено для студентов, обучающихся по специальности 140014.
|
| 606 |
1 |
|
|a Моделирование систем
|2 stltpush
|3 (RuTPU)RU\TPU\subj\66511
|9 82611
|
| 610 |
1 |
|
|a линейные алгебраические уравнения
|
| 610 |
1 |
|
|a системы уравнений
|
| 610 |
1 |
|
|a уравнения с одним неизвестным
|
| 610 |
1 |
|
|a интерполяция
|
| 610 |
1 |
|
|a кривые
|
| 610 |
1 |
|
|a аппроксимация
|
| 610 |
1 |
|
|a определенные интегралы
|
| 610 |
1 |
|
|a вычисление
|
| 610 |
1 |
|
|a численные методы
|
| 610 |
1 |
|
|a решение
|
| 610 |
1 |
|
|a обыкновенные дифференциальные уравнения
|
| 610 |
1 |
|
|a оптимальное управление
|
| 610 |
1 |
|
|a учебные пособия
|
| 610 |
1 |
|
|a труды учёных ТПУ
|
| 675 |
|
|
|a 519.876(075.8)
|v 3
|
| 700 |
|
1 |
|a Яковенко
|b П. Г.
|c специалист в области теплоэнергетики
|c профессор Томского политехнического университета, доктор технических наук
|f 1951-
|g Павел Георгиевич
|2 stltpush
|3 (RuTPU)RU\TPU\pers\26011
|
| 712 |
0 |
2 |
|a Национальный исследовательский Томский политехнический университет (ТПУ)
|c (2009- )
|2 stltpush
|3 (RuTPU)RU\TPU\col\15902
|
| 801 |
|
1 |
|a RU
|b 63413507
|c 20120311
|
| 801 |
|
2 |
|a RU
|b 63413507
|c 20120608
|g RCR
|
| 942 |
|
|
|c BK
|